000 00396cam a2200157ua 4500
003 OSt
005 20260213114306.0
008 260213b |||||||| |||| 00| 0 eng d
041 _aeng
082 _a028.7362
_bSTA/EN
245 _aEngineering subdavali, Vol 1 /
250 _a1 /
260 _aThiruvananthapuram :
_bState Instititute of Languages ,
_c1969.
300 _a526 ; .
942 _cBK
999 _c9208
_d9208